000 00875nam a2200265Ia 4500
003 OSt
005 20220928103055.0
006 a|||||r|||| 00| 0
007 ta
008 220927b |||||||| |||| 00| 0 eng d
020 _cINR 595.00
024 _a136677
037 _b016, 08/11/2017, Excel Book International
_cTextual
040 _aSDCL
_cSDCL
_beng
041 _2eng
_aeng
082 _aX65, Q7
100 _aElms Deborah K. Ed.
_9402087
245 0 _aIntangible economy
_b How services shape global production and consumption
260 _aNew York
_b Cambridge University press
_c2017
300 _a196p.
_ccm.
650 _aBusiness Economics
_9391653
700 _a Hassani Arian Ed.
_9402088
942 _hX65, Q7
_cTEXL
_2CC
999 _c717934
_d717934